British (Terra Nova) antarctic expedition 1910-13 (Record no. 421)

MARC details
000 -LEADER
fixed length control field 00660nam a2200193Ia 4500
003 - CONTROL NUMBER IDENTIFIER
control field IN-BaIIA
008 - FIXED-LENGTH DATA ELEMENTS--GENERAL INFORMATION
fixed length control field 211028s9999 xx 000 0 eng d
040 ## - CATALOGING SOURCE
Transcribing agency IIA Library
080 ## - UNIVERSAL DECIMAL CLASSIFICATION NUMBER
Universal Decimal Classification number 910.4
Item number LYO
100 ## - MAIN ENTRY--PERSONAL NAME
Personal name Lyons, H. G.
9 (RLIN) 960
245 #0 - TITLE STATEMENT
Title British (Terra Nova) antarctic expedition 1910-13
Remainder of title miscllaneous data
Statement of responsibility, etc. H. G. Lyons and F. R. S. Colonel
260 ## - PUBLICATION, DISTRIBUTION, ETC.
Place of publication, distribution, etc. London
Name of publisher, distributor, etc. Harrison and Sons
Date of publication, distribution, etc. 1924
300 ## - PHYSICAL DESCRIPTION
Extent 75p
490 ## - SERIES STATEMENT
Series statement British terra nova antarctic expedition
650 ## - SUBJECT ADDED ENTRY--TOPICAL TERM
Topical term or geographic name entry element Antarctic Expedition
9 (RLIN) 961
650 ## - SUBJECT ADDED ENTRY--TOPICAL TERM
Topical term or geographic name entry element Astronomy and Astrophysics Thesaurus
700 ## - ADDED ENTRY--PERSONAL NAME
Personal name Colonel, F. R. S.
9 (RLIN) 962
942 ## - ADDED ENTRY ELEMENTS (KOHA)
Koha item type Books
Holdings
Withdrawn status Lost status Damaged status Not for loan Home library Current library Shelving location Date acquired Total Checkouts Full call number Barcode Date last seen Price effective from Koha item type
        IIA Library-Bangalore IIA Library-Kodaikanal General Stacks     910.4/ LYO 415 05/11/2021   Books

Powered by Koha